La voluntad de pensar : la palabra de doce filósofos costarricenses /
Na minha lista:
| Outros Autores: | |
|---|---|
| Formato: | Desconhecido |
| Idioma: | Spanish |
| Publicado em: |
Heredia, Costa Rica :
EFUNA,
1993.
|
| Assuntos: | |
| Tags: |
Adicionar Tag
Sem tags, seja o primeiro a adicionar uma tag!
|
MARC
| LEADER | 000000000a22000000004500 | ||
|---|---|---|---|
| 001 | 007940 | ||
| 020 | |a 9977906521 | ||
| 041 | 0 | |a spa | |
| 082 | 0 | 4 | |a 199.728.6 |b V939v |
| 700 | 1 | |a Molina Jiménez, Carlos Francisco, |e editor | |
| 245 | 0 | 3 | |a La voluntad de pensar : |b la palabra de doce filósofos costarricenses / |c Carlos Francisco Molina Jiménez, editor. |
| 260 | 1 | |a Heredia, Costa Rica : |b EFUNA, |c 1993. | |
| 300 | |a 318 páginas ; |c 21 cm. | ||
| 650 | 4 | |a FILOSOFOS COSTARRICENSES | |
| 999 | |c 13643 |d 13643 | ||
| 942 | |c BK |h 199.728.6 V939v |2 z | ||



